[Event "5eme Open International de La Fere"]
[Site "La Fere (FRA)"]
[Date "2006.07.11"]
[Round "5.10"]
[White "Marchal, Jeremy"]
[Black "Gladyszev, Oleg"]
[Result "0-1"]
[WhiteElo "2096"]
[BlackElo "2457"]
[PlyCount "140"]
[EventDate "2006.07.11"]

1. e4 c5 2. Nc3 Nc6 3. f4 a6 4. Nf3 e6 5. d3 b5 6. g3 b4 7. Ne2 d5 8. e5 Nh6 9.
Bg2 Bb7 10. O-O Nf5 11. c3 h5 12. d4 Qb6 13. Bh3 cxd4 14. cxd4 Be7 15. Bxf5
exf5 16. Be3 h4 17. Qc2 g6 18. Bf2 Rc8 19. Rac1 hxg3 20. hxg3 O-O 21. Qd2 a5
22. g4 fxg4 23. Nh2 f5 24. exf6 Bxf6 25. Nxg4 Ne7 26. Ng3 Bg7 27. Kg2 Rxc1 28.
Rxc1 Bc8 29. Ne5 Qe6 30. Rh1 Nf5 31. Qe2 Qf6 32. Qf3 Be6 33. Qe2 Nxg3 34. Bxg3
Bf5 35. Bh4 Qb6 36. Rd1 Be4+ 37. Kg3 Bh6 38. Bg5 Bxg5 39. fxg5 Rf5 40. Qd2 Qd6
41. Rc1 Qe7 42. Rc8+ Kg7 43. Kh4 Rf1 44. Rc6 Rh1+ 45. Kg3 Rh5 46. Rf6 Rxg5+ 47.
Qxg5 Qxf6 48. Qxf6+ Kxf6 49. Nc6 Bb1 50. Nxa5 Bxa2 51. Nc6 b3 52. Nb4 Ke6 53.
Nd3 Kf5 54. Kf3 Bb1 55. Nc1 Bc2 56. Ke3 g5 57. Ne2 g4 58. Nc3 Be4 59. Kf2 Kf4
60. Ne2+ Kg5 61. Kg3 Kf5 62. Nc3 Bf3 63. Nb1 Ke4 64. Nd2+ Kxd4 65. Nxb3+ Kc4
66. Nc1 d4 67. Kf4 Bd1 68. Kg3 d3 69. Kf2 d2 70. Na2 Bb3 0-1

[Event "5eme Open International de La Fere"]
[Site "La Fere (FRA)"]
[Date "2006.07.11"]
[Round "5.11"]
[White "Chetverik, Maxim"]
[Black "Platel, Alexandre"]
[Result "1-0"]
[WhiteElo "2302"]
[BlackElo "2167"]
[PlyCount "129"]
[EventDate "2006.07.11"]

1. d4 Nf6 2. c4 g6 3. Nf3 Bg7 4. g3 O-O 5. Bg2 c6 6. Nc3 d5 7. cxd5 cxd5 8. Ne5
Nc6 9. Nxc6 bxc6 10. O-O Bf5 11. Na4 Ne4 12. b3 c5 13. Bb2 cxd4 14. Bxd4 e5 15.
Bb2 Rc8 16. Rc1 Qa5 17. Bxe4 dxe4 18. Bc3 Qb5 19. Qd2 h5 20. Qe3 Kh7 21. Bd2
Rfd8 22. Rxc8 Rxc8 23. Nc3 Qb7 24. h4 Bf8 25. Rd1 Kg8 26. Be1 Bc5 27. Qh6 Bf8
28. Qd2 Bb4 29. Qd5 Qe7 30. Na4 Bxe1 31. Rxe1 Rc2 32. Qb5 Rxa2 33. Nc3 Rd2 34.
Nd5 Qd8 35. Ne3 f6 36. Ra1 Rd7 37. Kg2 Be6 38. Ra6 Qe7 39. Rc6 Kf7 40. Nc4 Bd5
41. Rc5 Qe6 42. Ne3 Bb7 43. Qa4 a6 44. b4 Kg7 45. Qc2 Re7 46. Kh2 Rd7 47. Qc3
Re7 48. Nc4 Bd5 49. Ne3 Bb7 50. b5 axb5 51. Rxb5 Ba6 52. Rb2 Bc8 53. Rb8 Bd7
54. Qc5 Rf7 55. Rb6 Qe7 56. Qd5 Bf5 57. Nc4 Qc7 58. Nd6 Qxb6 59. Qxf7+ Kh6 60.
Qf8+ Kh7 61. Qe7+ Kg8 62. Kg2 e3 63. Qf7+ Kh8 64. Ne8 Qc6+ 65. f3 1-0

[Event "5eme Open International de La Fere"]
[Site "La Fere (FRA)"]
[Date "2006.07.11"]
[Round "5.12"]
[White "Cappon, John"]
[Black "Raulet, Alain"]
[Result "1-0"]
[WhiteElo "2231"]
[BlackElo "2040"]
[PlyCount "133"]
[EventDate "2006.07.11"]

1. e4 c5 2. Nc3 Nc6 3. Nf3 e6 4. d4 cxd4 5. Nxd4 a6 6. Be2 Qc7 7. Be3 Nf6 8.
O-O Be7 9. f4 d6 10. Bf3 Bd7 11. a4 Na5 12. Qd3 Nc4 13. Bc1 Rc8 14. Nde2 O-O
15. b3 Na5 16. Bb2 Rfd8 17. Kh1 Nc6 18. Na2 Ne8 19. Rfd1 b5 20. axb5 axb5 21.
Qd2 Qb6 22. Nac1 Nb8 23. Nd3 Bc6 24. Bd4 Qc7 25. Qe3 Nd7 26. Ra7 Qb8 27. Nb4 e5
28. Bb2 Bf6 29. f5 Nc5 30. Rda1 Bb7 31. Nc3 Nc7 32. Qe2 Ba8 33. R7a2 Bg5 34. g3
Qb6 35. h4 Be7 36. Bc1 Bb7 37. Be3 Ra8 38. Kh2 Rxa2 39. Rxa2 Ra8 40. Rxa8+ Bxa8
41. Nd3 Qa6 42. b4 Nd7 43. Nf2 Bc6 44. Qd3 Nb6 45. Ng4 Ne8 46. Bxb6 Qxb6 47.
Ne3 Nc7 48. Ncd5 Bxd5 49. Nxd5 Nxd5 50. Qxd5 Qf2+ 51. Bg2 Qb6 52. Kh3 g5 53. h5
Kg7 54. Kg4 h6 55. Bf3 Qf2 56. Qxb5 Qxc2 57. Qd7 Bf8 58. b5 Qa4 59. Qc6 Be7 60.
Qc7 Kf6 61. b6 d5 62. b7 dxe4 63. Be2 e3+ 64. Kh3 g4+ 65. Bxg4 Qa1 66. Qc6+ Kg7
67. b8=Q 1-0

[Event "5eme Open International de La Fere"]
[Site "La Fere (FRA)"]
[Date "2006.07.11"]
[Round "5.13"]
[White "Iglesias, Joachim"]
[Black "Olarasu, Gabriela"]
[Result "0-1"]
[WhiteElo "2127"]
[BlackElo "2222"]
[PlyCount "76"]
[EventDate "2006.07.11"]

1. d4 Nf6 2. Nf3 g6 3. Nbd2 c5 4. dxc5 Qa5 5. a3 Qxc5 6. b4 Qc7 7. Bb2 Bg7 8.
c4 O-O 9. e3 d6 10. Be2 b6 11. O-O Bb7 12. Rc1 Nbd7 13. Qb3 Rac8 14. Nb1 Qb8
15. Nc3 Rfe8 16. Ng5 h6 17. Nh3 e6 18. Nf4 Ne5 19. h4 Neg4 20. Qd1 Ne5 21. Nb5
Red8 22. Qb3 Ne4 23. Rfd1 a6 24. Nd4 Re8 25. Qa2 Qc7 26. Rc2 Qe7 27. g3 Nf6 28.
Qa1 Be4 29. Rcc1 g5 30. hxg5 hxg5 31. Ng2 g4 32. Nh4 Nh7 33. Nb3 Ng5 34. Bxg4
Nxg4 35. Bxg7 e5 36. f3 Nxf3+ 37. Nxf3 Bxf3 38. Rf1 Ba8 0-1

[Event "5eme Open International de La Fere"]
[Site "La Fere (FRA)"]
[Date "2006.07.11"]
[Round "5.14"]
[White "Zimmerman, Yuri"]
[Black "Flandre, Xavier"]
[Result "1-0"]
[WhiteElo "2374"]
[BlackElo "1916"]
[PlyCount "71"]
[EventDate "2006.07.11"]

1. d4 d5 2. c4 e5 3. dxe5 d4 4. Nf3 Nc6 5. a3 Nge7 6. e3 Bg4 7. Be2 dxe3 8.
Bxe3 Ng6 9. Qb3 Rb8 10. Nbd2 Be7 11. h3 Be6 12. Ne4 b5 13. Qc2 bxc4 14. Rd1 Qc8
15. Qa4 Bd7 16. Qxc4 O-O 17. Qc3 Rd8 18. O-O Qb7 19. Rd2 Bf5 20. Nc5 Bxc5 21.
Qxc5 Rxd2 22. Bxd2 Nd8 23. b4 Ne6 24. Qc1 Qe4 25. Re1 Nxe5 26. Nxe5 Qxe5 27.
Bg4 Qf6 28. Bc3 Qg6 29. Bxf5 Qxf5 30. Qe3 Qd5 31. Qg3 Qg5 32. Qxg5 Nxg5 33. f4
Ne6 34. f5 Nf8 35. Re7 Rc8 36. Be5 1-0

[Event "5eme Open International de La Fere"]
[Site "La Fere (FRA)"]
[Date "2006.07.11"]
[Round "5.15"]
[White "Houriez, Clement"]
[Black "Hutin, Evgueny"]
[Result "1-0"]
[WhiteElo "2125"]
[BlackElo "1880"]
[PlyCount "191"]
[EventDate "2006.07.11"]

1. e4 c5 2. Nf3 e6 3. Qe2 Nc6 4. c3 Qc7 5. g3 Nf6 6. Bg2 d5 7. d3 dxe4 8. dxe4
Be7 9. O-O e5 10. Nbd2 O-O 11. a4 Na5 12. Nc4 Nxc4 13. Qxc4 Be6 14. Qe2 Rad8
15. Bg5 Bb3 16. Nd2 Bc2 17. Bxf6 Bxf6 18. Rfc1 Bd3 19. Qe3 h6 20. h4 Qb6 21. b3
Rd6 22. Bf1 Rfd8 23. Ra2 Qa5 24. Bxd3 Rxd3 25. Nc4 Qc7 26. Qe2 Qd7 27. Ne3 Rd2
28. Rxd2 Qxd2 29. Qxd2 Rxd2 30. Rc2 Rd8 31. Kf1 a6 32. Ke2 b5 33. axb5 axb5 34.
Ra2 Kf8 35. Nd5 Rb8 36. Ra6 Be7 37. Rb6 Rxb6 38. Nxb6 Ke8 39. c4 bxc4 40. Nxc4
Bf6 41. Nb6 Bd8 42. Na4 Be7 43. Nb6 Bd8 44. Nd5 g6 45. Kd3 Kd7 46. Kc4 Kc6 47.
Ne3 h5 48. Nc2 Ba5 49. f3 Bd8 50. Ne1 Ba5 51. Nd3 f6 52. g4 Bd2 53. g5 fxg5 54.
Nxe5+ Kd6 55. Nxg6 g4 56. fxg4 hxg4 57. h5 g3 58. Nh4 Ke5 59. Kd3 Bh6 60. Ng6+
Kf6 61. Ke2 Kg5 62. Kf3 Kxh5 63. Ne7 Kg5 64. Kxg3 Kf6 65. Nc6 Ke6 66. Kf3 Bd2
67. Ke2 Bf4 68. Kd3 Kd6 69. Na5 Ke6 70. Nc4 Bc7 71. Nd2 Ba5 72. Nf3 Bc7 73. Kc4
Bd6 74. Kb5 Be7 75. Kc6 Bf8 76. Kb5 Be7 77. Kc4 Bf8 78. Kd3 Be7 79. Ke3 Bf6 80.
Kf4 Be7 81. Ne1 Bd6+ 82. Ke3 Ke5 83. Nd3+ Ke6 84. Kd2 Be7 85. Kc3 Kd6 86. Kc4
Kc6 87. Nf4 Bf6 88. Ng6 Bd4 89. e5 Kd7 90. Kd5 Be3 91. e6+ Ke8 92. Kd6 Bf2 93.
e7 Bg1 94. Nh4 Bf2 95. Nf5 Bd4 96. Ke6 1-0

[Event "5eme Open International de La Fere"]
[Site "La Fere (FRA)"]
[Date "2006.07.11"]
[Round "5.17"]
[White "Wallart, Francois"]
[Black "Waquet, Frederic"]
[Result "0-1"]
[WhiteElo "1848"]
[BlackElo "2080"]
[PlyCount "60"]
[EventDate "2006.07.11"]

1. e4 e6 2. d4 d5 3. e5 c5 4. c3 Qb6 5. Nf3 Nc6 6. b3 cxd4 7. cxd4 Bb4+ 8. Ke2
Bd7 9. a3 Be7 10. Nc3 Rc8 11. Na4 Qc7 12. Bd2 f6 13. g3 fxe5 14. dxe5 Nxe5 15.
Bf4 Bd6 16. Nxe5 Bxe5 17. Rc1 Bc6 18. Bd2 Ne7 19. Bh3 Nf5 20. Ke1 O-O 21. Bb4
Bd6 22. Nc5 Qe7 23. Rg1 Bb5 24. g4 Nh4 25. Bg2 Bxc5 26. Rxc5 Rxc5 27. Qd4 Rfc8
28. Kd2 Rc2+ 29. Ke3 Qg5+ 30. Qf4 Re2+ 0-1

[Event "5eme Open International de La Fere"]
[Site "La Fere (FRA)"]
[Date "2006.07.11"]
[Round "5.18"]
[White "Delorme, Laurie"]
[Black "Marchal, Chantal"]
[Result "1-0"]
[WhiteElo "2068"]
[BlackElo "1900"]
[PlyCount "57"]
[EventDate "2006.07.11"]

1. e4 c5 2. Ne2 d6 3. g3 Nf6 4. Bg2 Nc6 5. c3 g6 6. O-O Bg7 7. d4 e5 8. Na3 O-O
9. Nc4 Re8 10. d5 Na5 11. Ne3 c4 12. b4 cxb3 13. axb3 b5 14. b4 Nc4 15. Nxc4
bxc4 16. Ra5 Nd7 17. Be3 Nb6 18. Qa1 Qc7 19. Qa2 Bd7 20. Ra1 Nc8 21. Bf1 f5 22.
f3 fxe4 23. fxe4 Bg4 24. Kg2 Rf8 25. Ng1 Qf7 26. Be2 Bxe2 27. Qxe2 Qc7 28. Ra6
Ne7 29. Rxa7 1-0

[Event "5eme Open International de La Fere"]
[Site "La Fere (FRA)"]
[Date "2006.07.11"]
[Round "5.19"]
[White "Vinckier, Delphine"]
[Black "Bosch, Joachim"]
[Result "0-1"]
[WhiteElo "1590"]
[BlackElo "2035"]
[PlyCount "40"]
[EventDate "2006.07.11"]

1. e4 c5 2. Nc3 Nc6 3. Nf3 a6 4. d4 cxd4 5. Nxd4 e6 6. Nxc6 bxc6 7. Qf3 Qc7 8.
Bd3 d5 9. exd5 exd5 10. O-O Nf6 11. Re1+ Be7 12. Bf4 Qb7 13. Bd6 Be6 14. Bxe7
Qxe7 15. Bf5 O-O 16. Re2 Qb4 17. Bxe6 fxe6 18. Qe3 Rfe8 19. a4 d4 20. Qf4 Qxb2
0-1

[Event "5eme Open International de La Fere"]
[Site "La Fere (FRA)"]
[Date "2006.07.11"]
[Round "5.20"]
[White "Manet, Anthony"]
[Black "Trens, Yohan"]
[Result "0-1"]
[WhiteElo "1530"]
[BlackElo "2021"]
[PlyCount "26"]
[EventDate "2006.07.11"]

1. e4 c5 2. Nc3 Nc6 3. f4 g6 4. Bb5 Nd4 5. Bc4 Bg7 6. Nf3 e6 7. d3 Ne7 8. Be3
O-O 9. O-O d5 10. Bb3 Nxb3 11. axb3 d4 12. Bxd4 cxd4 13. Ne2 Nc6 0-1

[Event "5eme Open International de La Fere"]
[Site "La Fere (FRA)"]
[Date "2006.07.11"]
[Round "5.21"]
[White "Deneuville, Ludovic"]
[Black "Lombard, Christophe"]
[Result "1-0"]
[WhiteElo "2009"]
[BlackElo "1880"]
[PlyCount "23"]
[EventDate "2006.07.11"]

1. e4 e5 2. Bc4 Nf6 3. Nf3 c6 4. Nxe5 Qe7 5. d4 Nxe4 6. Bxf7+ Kd8 7. Bb3 d5 8.
f3 Qh4+ 9. g3 Qf6 10. fxe4 Bb4+ 11. c3 Rf8 12. Qe2 1-0

[Event "5eme Open International de La Fere"]
[Site "La Fere (FRA)"]
[Date "2006.07.11"]
[Round "5.22"]
[White "Manet, Eric"]
[Black "Feryn, Alexandre"]
[Result "0-1"]
[WhiteElo "1999"]
[BlackElo "1877"]
[PlyCount "62"]
[EventDate "2006.07.11"]

1. e4 c5 2. Nf3 e6 3. d4 cxd4 4. Nxd4 a6 5. Bd3 Qc7 6. O-O Nf6 7. c4 Nc6 8.
Nxc6 dxc6 9. f4 e5 10. f5 Bc5+ 11. Kh1 h5 12. Qf3 b5 13. Be3 Bxe3 14. Qxe3 Bb7
15. Nc3 Rd8 16. Rac1 Qa5 17. cxb5 cxb5 18. Bb1 Qb4 19. Qg3 Qe7 20. Rce1 Rd2 21.
Nd5 Bxd5 22. exd5 Rxd5 23. Qxg7 Rg8 24. Qh6 Qd6 25. Re2 Rd1 26. Ree1 Rxe1 27.
Rxe1 Qd5 28. Be4 Nxe4 29. Qe3 Nd6 30. Qxe5+ Qxe5 31. Rxe5+ Kd7 0-1

[Event "5eme Open International de La Fere"]
[Site "La Fere (FRA)"]
[Date "2006.07.11"]
[Round "5.23"]
[White "Cozette, Michael"]
[Black "Guille, Nicolas"]
[Result "1-0"]
[WhiteElo "1997"]
[BlackElo "1660"]
[PlyCount "67"]
[EventDate "2006.07.11"]

1. e4 e5 2. Nf3 Nc6 3. Bb5 Nd4 4. Bc4 Nxf3+ 5. Qxf3 Qf6 6. Qg3 Bc5 7. O-O d6 8.
d3 Qg6 9. Qxg6 hxg6 10. Nc3 f5 11. Nd5 Kd7 12. b4 Bb6 13. a4 c6 14. Nxb6+ axb6
15. Be3 b5 16. axb5 Rxa1 17. Rxa1 cxb5 18. Bxb5+ Kc7 19. c4 f4 20. Bd2 Ne7 21.
d4 Nc6 22. dxe5 dxe5 23. Bxc6 Kxc6 24. Bc3 b5 25. cxb5+ Kxb5 26. Bxe5 Re8 27.
f3 Kxb4 28. Bxf4 Kc4 29. Rd1 Bb7 30. Rd7 Bxe4 31. fxe4 Rxe4 32. Bg3 g5 33. Rxg7
Kd3 34. Rxg5 1-0

[Event "5eme Open International de La Fere"]
[Site "La Fere (FRA)"]
[Date "2006.07.11"]
[Round "5.25"]
[White "Beltri, Gilles"]
[Black "Lebon, Joffrey"]
[Result "0-1"]
[WhiteElo "1400"]
[BlackElo "1982"]
[PlyCount "50"]
[EventDate "2006.07.11"]

1. e4 e5 2. Nf3 Nc6 3. Bc4 Be7 4. Nc3 Nf6 5. d3 O-O 6. O-O d6 7. h3 Na5 8. b3
c6 9. Ba3 b5 10. Bxb5 cxb5 11. Nxb5 Ba6 12. Nc3 Rc8 13. Bb4 Qb6 14. a3 Nc6 15.
Na4 Qd8 16. Nc3 Nxb4 17. axb4 Rxc3 18. Rxa6 Qc7 19. Ra2 d5 20. Re1 dxe4 21.
dxe4 Bxb4 22. Re2 a5 23. Ne1 Rd8 24. Nd3 Rdxd3 25. cxd3 Rc1 0-1

[Event "5eme Open International de La Fere"]
[Site "La Fere (FRA)"]
[Date "2006.07.11"]
[Round "5.26"]
[White "Demeestere, Laurent"]
[Black "Turlin, Simon"]
[Result "1-0"]
[WhiteElo "1954"]
[BlackElo "1490"]
[PlyCount "59"]
[EventDate "2006.07.11"]

1. e4 e6 2. d4 d5 3. Nc3 Nf6 4. Bg5 Be7 5. e5 Nfd7 6. Bxe7 Qxe7 7. f4 c5 8. Nb5
Nb6 9. Nd6+ Kf8 10. dxc5 Na4 11. Qd4 Bd7 12. b3 Nc6 13. Qxa4 Nxe5 14. Qd4 Nc6
15. Qd2 Rb8 16. Nf3 Qf6 17. Rd1 Qb2 18. c4 Qxd2+ 19. Rxd2 Nb4 20. Ne5 Be8 21.
a3 Na6 22. b4 Nc7 23. cxd5 Nxd5 24. Nxe8 Kxe8 25. g3 Nc3 26. Bg2 Nb1 27. Rd3 f6
28. Nc4 Ke7 29. Ke2 Kf7 30. Rxb1 1-0

[Event "5eme Open International de La Fere"]
[Site "La Fere (FRA)"]
[Date "2006.07.11"]
[Round "5.27"]
[White "Bardoux, Thierry"]
[Black "Lucas, Bernard"]
[Result "1-0"]
[WhiteElo "2175"]
[BlackElo "1830"]
[PlyCount "93"]
[EventDate "2006.07.11"]

1. d4 d5 2. Nf3 Nf6 3. e3 e6 4. Bd3 Bd6 5. Nbd2 Nbd7 6. O-O O-O 7. c3 e5 8.
dxe5 Nxe5 9. Nxe5 Bxe5 10. h3 c6 11. Qc2 Bc7 12. b3 Re8 13. Bb2 Qd6 14. Nf3 Ne4
15. Rfd1 Qg6 16. Kf1 Qh5 17. Ng1 Re6 18. c4 Be5 19. Bxe4 Bxb2 20. Rab1 Bf6 21.
cxd5 cxd5 22. Rxd5 Re5 23. Rc1 g6 24. Qd3 Be6 25. Rxe5 Qxe5 26. Nf3 Qa5 27.
Bxb7 Rd8 28. Qe2 Qa3 29. Rb1 Qb4 30. Ba6 Bf5 31. Rd1 Rxd1+ 32. Qxd1 Qa3 33. Qe2
Bb2 34. Bc4 Qxa2 35. Ng5 Qb1+ 36. Qe1 Bd3+ 37. Bxd3 Qxd3+ 38. Kg1 Qxb3 39. Qa5
Qd1+ 40. Kh2 Qd6+ 41. g3 a6 42. Ne4 Qa3 43. Qd5 a5 44. Nd6 Kg7 45. Qxf7+ Kh6
46. Qf8+ Kh5 47. g4+ 1-0

[Event "5eme Open International de La Fere"]
[Site "La Fere (FRA)"]
[Date "2006.07.11"]
[Round "5.28"]
[White "Brobecker, Alain"]
[Black "Lonnoy, Remi"]
[Result "0-1"]
[WhiteElo "1763"]
[BlackElo "1985"]
[PlyCount "62"]
[EventDate "2006.07.11"]

1. d3 b6 2. e4 Bb7 3. Nf3 c5 4. Nc3 d6 5. Be2 g6 6. Be3 Bg7 7. Qc1 Nc6 8. h4
Nf6 9. Bh6 Bxh6 10. Qxh6 Qd7 11. Ng5 Nd4 12. Bd1 Ne6 13. Nxe6 Qxe6 14. Qf4 d5
15. Nb5 O-O 16. Nc7 Qc6 17. Nxa8 Rxa8 18. exd5 Nxd5 19. Qd2 Qf6 20. c3 Nf4 21.
f3 Rd8 22. Bc2 Nxd3+ 23. Bxd3 c4 24. O-O-O cxd3 25. Qe3 Qd6 26. h5 Bc6 27. hxg6
Qxg6 28. Rd2 Ba4 29. b3 Bb5 30. Rh6 Qg7 31. c4 Qa1# 0-1

[Event "5eme Open International de La Fere"]
[Site "La Fere (FRA)"]
[Date "2006.07.11"]
[Round "5.29"]
[White "Mataigne, Jean-Michel"]
[Black "Diener, Jean-Denis"]
[Result "1-0"]
[WhiteElo "1963"]
[BlackElo "1761"]
[PlyCount "39"]
[EventDate "2006.07.11"]

1. e4 c6 2. d4 d5 3. Nc3 dxe4 4. Nxe4 Nd7 5. Ng5 Ndf6 6. Bc4 Nh6 7. c3 e6 8.
N1f3 Bd6 9. Qe2 O-O 10. Ne5 Be7 11. h4 Nd5 12. Bd3 g6 13. Nxh7 Nf5 14. Nxf8
Qxf8 15. h5 g5 16. h6 Nh4 17. g3 Qxh6 18. Rxh4 Qf6 19. Bxg5 Qxg5 20. Rg4 1-0

[Event "5eme Open International de La Fere"]
[Site "La Fere (FRA)"]
[Date "2006.07.11"]
[Round "5.30"]
[White "Holland, Christophe"]
[Black "Boudier, Eric"]
[Result "1-0"]
[WhiteElo "1751"]
[BlackElo "1927"]
[PlyCount "51"]
[EventDate "2006.07.11"]

1. e4 e5 2. Nf3 Nc6 3. Bc4 Bc5 4. b4 Nxb4 5. c3 Nc6 6. d4 exd4 7. O-O Nge7 8.
cxd4 Bb6 9. Ng5 O-O 10. Qh5 h6 11. Nxf7 Rxf7 12. Bxf7+ Kf8 13. Bb3 d5 14. exd5
Nxd4 15. d6 Nxb3 16. dxe7+ Qxe7 17. axb3 Be6 18. Nd2 Bf7 19. Qf5 Re8 20. Nf3
Kg8 21. Ba3 c5 22. Rfe1 Be6 23. Qc2 Qc7 24. Re5 c4 25. Rae1 Qc6 26. Qg6 1-0

[Event "5eme Open International de La Fere"]
[Site "La Fere (FRA)"]
[Date "2006.07.11"]
[Round "5.34"]
[White "Marchal, Roger"]
[Black "Delmotte, Eric"]
[Result "1/2-1/2"]
[WhiteElo "1686"]
[BlackElo "1861"]
[PlyCount "104"]
[EventDate "2006.07.11"]

1. c4 b6 2. Nf3 Bb7 3. g3 Nf6 4. Bg2 e6 5. O-O c5 6. Nc3 d5 7. cxd5 Nxd5 8. d4
Nxc3 9. bxc3 Nd7 10. Nd2 Bxg2 11. Kxg2 Nf6 12. Qa4+ Qd7 13. Qxd7+ Nxd7 14. Ne4
Rc8 15. Bf4 f5 16. Nd6+ Bxd6 17. Bxd6 cxd4 18. cxd4 Rc6 19. Bf4 Ke7 20. Rfc1
Rhc8 21. Rxc6 Rxc6 22. Rc1 Rxc1 23. Bxc1 Kd6 24. Kf3 Kd5 25. Bb2 Nf6 26. h3 Ne4
27. g4 fxg4+ 28. hxg4 g6 29. Ke3 h5 30. f3 Nd6 31. Kf4 Nf7 32. e4+ Kc4 33. gxh5
gxh5 34. Kg3 Kd3 35. d5 exd5 36. exd5 Kc4 37. Kh4 Kxd5 38. Kxh5 Ke6 39. Kg4 Nd6
40. f4 Nf5 41. Kg5 b5 42. Kg4 a5 43. Kg5 Ne3 44. Bd4 Nd5 45. f5+ Kf7 46. a3 Ne7
47. Kf4 Nc6 48. Ke4 a4 49. Kd5 Nxd4 50. Kxd4 Kf6 51. Kc5 Kxf5 52. Kxb5 Ke6
1/2-1/2

[Event "5eme Open International de La Fere"]
[Site "La Fere (FRA)"]
[Date "2006.07.11"]
[Round "5.36"]
[White "Dubois, Vincent"]
[Black "Wolfangel, Claude"]
[Result "1/2-1/2"]
[WhiteElo "1672"]
[BlackElo "1843"]
[PlyCount "70"]
[EventDate "2006.07.11"]

1. e4 d5 2. exd5 Qxd5 3. Nc3 Qd6 4. d4 Nf6 5. Nf3 a6 6. g3 Bg4 7. Bg2 e6 8. h3
Bh5 9. g4 Bg6 10. Ne5 c6 11. h4 h5 12. Nxg6 fxg6 13. g5 Ng4 14. Qd3 e5 15. Be4
exd4 16. Bxg6+ Kd8 17. Qe4 Ne5 18. Bf4 Qxg6 19. Bxe5 Qxe4+ 20. Nxe4 c5 21.
O-O-O Nc6 22. Bg3 Be7 23. c3 Re8 24. cxd4 cxd4 25. f3 b6 26. a3 a5 27. Bf2 Rc8
28. Kb1 Bc5 29. b4 axb4 30. axb4 Bf8 31. Bxd4 Nxd4 32. Rxd4+ Kc7 33. Rc1+ Kb8
34. Rxc8+ Rxc8 35. f4 g6 1/2-1/2

[Event "5eme Open International de La Fere"]
[Site "La Fere (FRA)"]
[Date "2006.07.11"]
[Round "5.37"]
[White "Casier, Remi"]
[Black "Lonnoy, Simon"]
[Result "1/2-1/2"]
[WhiteElo "1833"]
[BlackElo "1640"]
[PlyCount "57"]
[EventDate "2006.07.11"]

1. d4 d5 2. c4 e6 3. Nc3 Nf6 4. Bg5 Be7 5. Nf3 b6 6. e3 h6 7. Bh4 Bb7 8. Rc1
Nbd7 9. cxd5 Nxd5 10. Nxd5 Bxd5 11. Bxe7 Kxe7 12. a3 Re8 13. b4 Kf8 14. Qc2 Bb7
15. Bb5 c6 16. Bxc6 Rc8 17. b5 Nb8 18. Qa4 Re7 19. O-O Bxc6 20. bxc6 Rec7 21.
Ne5 f6 22. Ng6+ Kf7 23. Nf4 Nxc6 24. Qb3 Qd7 25. d5 exd5 26. Qxd5+ Qxd5 27.
Nxd5 Rd7 28. e4 Rdd8 29. Ne3 1/2-1/2

[Event "5eme Open International de La Fere"]
[Site "La Fere (FRA)"]
[Date "2006.07.11"]
[Round "5.38"]
[White "Pierret, Aralia"]
[Black "Hauet, Thomas"]
[Result "0-1"]
[WhiteElo "1640"]
[BlackElo "1830"]
[PlyCount "42"]
[EventDate "2006.07.11"]

1. e4 e5 2. Nf3 Nc6 3. Bc4 Be7 4. Nc3 Nf6 5. O-O d6 6. h3 O-O 7. d3 h6 8. Be3
Be6 9. Bb3 Nd7 10. d4 exd4 11. Nxd4 Bxb3 12. axb3 a6 13. Nf5 Bf6 14. Qg4 Nde5
15. Qg3 Ng6 16. Rab1 Nce7 17. Ne2 Nxf5 18. exf5 Bh4 19. Qg4 Ne5 20. Qh5 Bg5 21.
f4 g6 0-1

[Event "5eme Open International de La Fere"]
[Site "La Fere (FRA)"]
[Date "2006.07.11"]
[Round "5.39"]
[White "Thomas, Olivier"]
[Black "Rigolot, Lucie"]
[Result "1-0"]
[WhiteElo "2126"]
[BlackElo "1690"]
[PlyCount "95"]
[EventDate "2006.07.11"]

1. e4 c5 2. Nc3 Nc6 3. f4 g6 4. Nf3 Bg7 5. Bc4 e6 6. f5 Nge7 7. fxe6 fxe6 8.
O-O O-O 9. d3 d5 10. Bb3 a6 11. Bg5 b5 12. exd5 Na5 13. dxe6 Nxb3 14. axb3 Bxe6
15. Qe2 Qd7 16. Rae1 Nf5 17. Qxe6+ Qxe6 18. Rxe6 Rfe8 19. Rxe8+ Rxe8 20. Re1
Kf7 21. Rxe8 Kxe8 22. Ne4 Nd4 23. Nxd4 Bxd4+ 24. Kf1 Kf7 25. c3 Be5 26. h3 b4
27. Nxc5 bxc3 28. bxc3 Bxc3 29. Nxa6 Bd4 30. Ke2 Ke6 31. Nc7+ Kd7 32. Nb5 Bb6
33. Bf6 Kc6 34. Nc3 Ba7 35. d4 h5 36. Kd3 Bb8 37. Kc4 Bd6 38. b4 Kb7 39. b5 Bb8
40. Be5 Bc7 41. Bxc7 Kxc7 42. Kc5 g5 43. b6+ Kb7 44. Nb5 g4 45. Nd6+ Kb8 46.
Kc6 g3 47. b7 h4 48. d5 1-0

[Event "5eme Open International de La Fere"]
[Site "La Fere (FRA)"]
[Date "2006.07.11"]
[Round "5.40"]
[White "Casier, Fabrice"]
[Black "Fauchart, Francois"]
[Result "1/2-1/2"]
[WhiteElo "1891"]
[BlackElo "1560"]
[PlyCount "61"]
[EventDate "2006.07.11"]

1. c4 f5 2. d4 Nf6 3. Nc3 g6 4. Nf3 d6 5. Bg5 Bg7 6. Qc1 Nbd7 7. Bh6 Bxh6 8.
Qxh6 Rg8 9. Ng5 Nf8 10. e3 c6 11. Be2 Bd7 12. c5 d5 13. h4 e6 14. Nf3 Qa5 15.
Nd2 Qd8 16. h5 g5 17. g3 Qe7 18. f3 Rg7 19. f4 Ng8 20. Qxg7 Qxg7 21. h6 Qf6 22.
Bh5+ Ng6 23. Nf3 g4 24. Ne5 N8e7 25. Kd2 b5 26. b4 a5 27. a3 a4 28. Ne2 Kd8 29.
Nxg6 Nxg6 30. Bxg6 Qxg6 31. Rh4 1/2-1/2

[Event "5eme Open International de La Fere"]
[Site "La Fere (FRA)"]
[Date "2006.07.11"]
[Round "5.46"]
[White "Bourson, Joel"]
[Black "Belloc, Sidonie"]
[Result "0-1"]
[WhiteElo "1600"]
[BlackElo "1771"]
[PlyCount "58"]
[EventDate "2006.07.11"]

1. Nf3 d5 2. d4 Bf5 3. e3 e6 4. Nbd2 Nf6 5. c3 c6 6. Qb3 Qc7 7. c4 Be7 8. cxd5
exd5 9. Bd3 Bxd3 10. Qxd3 O-O 11. O-O Nbd7 12. Re1 Rad8 13. b3 Rfe8 14. Bb2 Bf8
15. e4 dxe4 16. Nxe4 Nxe4 17. Qc4 Nd6 18. Rxe8 Nxc4 19. Rxf8+ Rxf8 20. bxc4 Re8
21. Kf1 Qa5 22. a3 f6 23. Rb1 Nb6 24. c5 Nc4 25. Bc1 g5 26. h3 Qa4 27. g3 Qd1+
28. Kg2 Re2 29. Ng1 Rc2 0-1

[Event "5eme Open International de La Fere"]
[Site "La Fere (FRA)"]
[Date "2006.07.11"]
[Round "5.47"]
[White "Delescluse, Oriane"]
[Black "Swiercz, Sonia"]
[Result "1/2-1/2"]
[WhiteElo "1490"]
[BlackElo "1707"]
[PlyCount "68"]
[EventDate "2006.07.11"]

1. d4 d5 2. c4 c6 3. Nc3 Nf6 4. Bg5 Nbd7 5. e3 dxc4 6. Bxc4 Nb6 7. Bd3 e6 8.
Nf3 Be7 9. O-O h6 10. Bh4 Nbd5 11. Qc2 Nb4 12. Qd2 Nxd3 13. Qxd3 Bd7 14. Rfd1
Nd5 15. Bxe7 Qxe7 16. Ne5 O-O 17. Rac1 Rad8 18. Ne4 Bc8 19. a3 Qe8 20. Qc2 f6
21. Nf3 f5 22. Nc3 Nxc3 23. Qxc3 Rd5 24. b4 Bd7 25. Ne5 Qd8 26. Rc2 Be8 27.
Rdc1 f4 28. Qe1 fxe3 29. fxe3 Qg5 30. Rf2 Rf5 31. Rxf5 exf5 32. Qf2 Bh5 33. Rf1
Bg6 34. Qf4 Qh5 1/2-1/2

[Event "5eme Open International de La Fere"]
[Site "La Fere (FRA)"]
[Date "2006.07.12"]
[Round "6.2"]
[White "Dumitrache, Dragos-Nicolae"]
[Black "Ninov, Nikolai"]
[Result "0-1"]
[WhiteElo "2451"]
[BlackElo "2517"]
[PlyCount "66"]
[EventDate "2006.07.12"]

1. d4 Nf6 2. c4 e6 3. Nf3 d5 4. Nc3 dxc4 5. e4 Bb4 6. Bg5 b5 7. e5 h6 8. Bh4 g5
9. Nxg5 hxg5 10. Bxg5 Nbd7 11. Qf3 Rb8 12. exf6 Bb7 13. Qe3 Nb6 14. O-O-O Bxc3
15. Qxc3 Qd5 16. h4 Kd7 17. Rh3 a5 18. Re3 b4 19. Qc2 Qd6 20. Re5 Bd5 21. g3 a4
22. Bf4 b3 23. axb3 axb3 24. Qc3 Qc6 25. Qb4 Rhe8 26. Rh5 Qa4 27. Qxa4+ Nxa4
28. Rh7 Kc6 29. Bd2 c3 30. Bxc3 Nxc3 31. bxc3 b2+ 32. Kb1 Rb6 33. Bd3 Ba2+ 0-1

[Event "5eme Open International de La Fere"]
[Site "La Fere (FRA)"]
[Date "2006.07.12"]
[Round "6.1"]
[White "Nevednichy, Vladislav"]
[Black "Afek, Yochanan"]
[Result "1-0"]
[WhiteElo "2576"]
[BlackElo "2316"]
[PlyCount "39"]
[EventDate "2006.07.12"]

1. e4 d5 2. exd5 Qxd5 3. Nc3 Qa5 4. d4 Nf6 5. Nf3 Ne4 6. Bd3 Nxc3 7. bxc3 g6 8.
O-O Bg7 9. Re1 Nc6 10. h3 Bf5 11. Rb1 Bxd3 12. Qxd3 O-O-O 13. Qc4 e6 14. Rb5
Qa6 15. Bf4 Rd7 16. Reb1 Na5 17. Qd3 Nc6 18. Rxb7 Qxd3 19. cxd3 f6 20. d5 1-0